ნორმალური ფორმატი
MARC ფორმატი
ჩანაწერი Topical Term
ჩანაწერთა რაოდენობა, რომელიც გამოყენებულია: 1
001 - CONTROL NUMBER
- control field: 13408
003 - CONTROL NUMBER IDENTIFIER
- control field: GE_BSU
005 - DATE AND TIME OF LATEST TRANSACTION
- control field: 20220120131743.0
008 - FIXED-LENGTH DATA ELEMENTS
- fixed length control field: 220120|| aca||aabn | a|a d
040 ## - CATALOGING SOURCE
- Original cataloging agency: GE_BSU
- Transcribing agency: GE_BSU
150 ## - HEADING--TOPICAL TERM
- Topical term or geographic name entry element: Children with social disabilities
- General subdivision: Education (Early childhood)
670 ## - SOURCE DATA FOUND
- Source citation: Work cat.: (GE_BSU)0: Cronin, Mark 13407, Poverty and inclusion in early years education /
